000 00518nam a2200193 u 4500
005 20210223131820.0
008 120913s2009 ea r 000 0 spa d
020 _a9781407567723
035 _aUPN01000186557
049 _aCG
050 4 _aQK475.8
_bL5.2
100 1 _aLinford, Jenny
245 1 0 _aArboles /
_cJenny Linford ; tr. Josep MarĂ­a Jovells.
260 _aBath, Maine, E.U.A. :
_bParragon,
_c2009.
300 _a255 p. :
_bil. col.
650 4 _aARBOLES
_94728
905 _aLibro
999 _c158660
_d158660